|
|
|
|
| LEADER |
00000nam a22000007a 4500 |
| 005 |
20191114205926.0 |
| 007 |
cr|||| |||| |
| 008 |
191114s2019 co |||||s|||| 00||0 spa d |
| 020 |
|
|
|a 978-958-762-995-8
|
| 035 |
|
|
|a 30676
|
| 040 |
|
|
|a vLex
|
| 090 |
|
|
|c 10001
|d 10001
|
| 100 |
1 |
|
|a Grajales Londoǫ, Gherson
|
| 245 |
1 |
0 |
|a Estatuto Tributario 2019
|h [Recurso electrn̤ico] /
|c Gherson Grajales Londoǫ, Carlos Arturo Vargas Sierra, Luz Deicy Agudelo Giraldo
|
| 256 |
|
|
|a Servicio en ln̕ea
|
| 260 |
|
|
|a Bogot:̀
|b Ediciones de la U,
|c 2019
|
| 300 |
|
|
|a 1 recurso electrn̤ico
|
| 506 |
1 |
|
|a Disponible solo en los productos indicados
|d vLex Global
|d vLex Global (Academic Edition, excluding Law Schools)
|d vLex Global (U.S. Academic Edition, Law Schools)
|d vLex Global (U.S. Academic Edition, excluding Law Schools)
|d vLex Global (Academic Edition, Law Schools)
|
| 650 |
0 |
4 |
|a Derecho Tributario
|z Colombia
|
| 700 |
1 |
|
|a Vargas Sierra, Carlos Arturo
|
| 700 |
1 |
|
|a Agudelo Giraldo, Luz Deicy
|
| 740 |
0 |
|
|a vLex Libros (Servicio en ln̕ea)
|
| 856 |
4 |
0 |
|u http://vlex.com/source/estatuto-tributario-2019-30676
|z Acceso restringido
|
| 942 |
|
|
|c BOOK
|
| 999 |
0 |
|
|a Tax Law
|